| 000 | 00906nas a2200289 4500 | ||
|---|---|---|---|
| 001 | BR2012000885 | ||
| 003 | BR-BrBNA | ||
| 005 | 20231205120126.0 | ||
| 007 | ta | ||
| 008 | 230509b bl.|||p| |||| 00| 00por d | ||
| 040 |
_aBR-BrBNA _bpor _cBiblioteca Nacional de Agricultura |
||
| 041 | _a(Pt) | ||
| 072 | _aL53 | ||
| 100 | 1 | _aSarti, P. | |
| 100 | 1 | _aPaula, T.A.R. | |
| 100 | 1 | _aPolli, G.O. | |
| 100 | 1 | _aSouza, T.D. | |
| 100 | 1 | _aAraujo, G.R. | |
| 245 | 1 | _aMorfofisiologia do tecido intertubular e das células de Leydig de jaguatirica (Leopardus pardalis)adulta | |
| 650 | _aJAGUATIRICA | ||
| 650 | _aESPERMATOGÊNESE | ||
| 650 | _aTESTÍCULO | ||
| 650 | _aMINAS GERAIS | ||
| 773 | 0 |
_tArquivo Brasileiro de Medicina Veterinária e Zootecnia (Brazil) _xISSN 0102-0935 _g(Oct 2011), v. 63(5) p. 1060-1065 _wBR2012000885 |
|
| 909 |
_a202311 _bLúcia _c55 _dLúcia Elande |
||
| 942 |
_2AGRIS _n0 _cANA |
||
| 999 |
_c217139 _d217139 |
||